Popular Electronics (Record no. 7716)
[ view plain ]
| 000 -LEADER | |
|---|---|
| fixed length control field | 00447nam a2200145Ia 4500 |
| 022 ## - INTERNATIONAL STANDARD SERIAL NUMBER | |
| ISSN | 1042-170X |
| 245 #0 - TITLE STATEMENT | |
| Title | Popular Electronics |
| 260 ## - PUBLICATION, DISTRIBUTION, ETC. (IMPRINT) | |
| Name of publisher | Ziff-Davis Publishing Co., Park Avenue, New York |
| Place of publication | USA |
| 310 ## - CURRENT PUBLICATION FREQUENCY | |
| Current publication frequency | M |
| 500 ## - GENERAL NOTE | |
| General note | Ending Volume & Year: 20, 1982 |
| 500 ## - GENERAL NOTE | |
| General note | Missing Volume: 12(1-5);13;14(6);15(1);17(2);18;19(3);20(3) |
| 500 ## - GENERAL NOTE | |
| General note | Starting Volume & Year: 12, 1977 |
| 942 ## - ADDED ENTRY ELEMENTS (KOHA) | |
| Koha item type | Bound Journal |
| Withdrawn status | Lost status | Damaged status | Not for loan | Home library | Current library | Date acquired | Accession Number | Koha item type |
|---|---|---|---|---|---|---|---|---|
| Bound journals | RRII Library | RRII Library | 31/12/2021 | 07678J | Bound Journal |